000 00734cam a22002291 4500
001 gs 52000030
003 DLC
005 20260227111358.0
008 861205s1939 nfcab b 000 0 eng c
010 _ags 52000030
035 _a(OCoLC)14929866
040 _aU.S. Geol. Survey. Lib.
_cTxDaM
_dDLC
050 0 0 _aQE199
_b.A3 no. 19
082 _a557.18
100 1 _aKranck, Ernst Hȧkan,
_d1898-
245 1 0 _aBedrock geology of the seaboard region of Newfoundland, Labrador.
260 _aSt. John's,
_c1939.
300 _aviii, 44 p.
_billus., fold. map (in pocket)
_c28 cm.
440 0 _aNewfoundland Geological Survey. Bulletin
_vno. 19
504 _aBibliography: p. 35-36.
650 0 _aGeology
_zNewfoundland and Labrador.
999 _c28606
_d28606